[Event "SVK-chT2C 2425"]
[Site "Slovakia"]
[Date "2024.11.09"]
[Round "1.1"]
[White "Puskar, Jan"]
[Black "Hros, Roman"]
[Result "0-1"]
[WhiteElo "2046"]
[BlackElo "2230"]
[PlyCount "78"]
[EventDate "2024.11.09"]
[EventType "team-tourn"]
[EventRounds "11"]
[EventCountry "SVK"]
[SourceTitle "CB51_2024"]
[SourceDate "2024.12.18"]
[SourceVersion "1"]
[SourceVersionDate "2024.12.18"]
[SourceQuality "1"]
[WhiteTeam "Detva"]
[BlackTeam "Liptov Chess School III"]
[WhiteTeamCountry "SVK"]
[BlackTeamCountry "SVK"]

1. e4 c5 2. Nf3 e6 3. c4 Nc6 4. Nc3 Nd4 5. d3 Ne7 6. g3 Nec6 7. Bg2 g6 8. Nxd4 Nxd4 9. 0-0 Bg7 10. Ne2 0-0 11. Nxd4 Bxd4 12. Qe2 d6 13. Be3 Qf6 14. Rab1 a5 15. b3 Bd7 16. Bxd4 Qxd4 17. Qb2 Qxb2 18. Rxb2 e5 19. f4 Ra6 20. f5 Rb6 21. g4 Ra8 22. Rfb1 a4 23. b4 a3 24. Rb3 Ba4 25. b5 Bxb3 26. Rxb3 d5 27. exd5 gxf5 28. gxf5 Rd6 29. Be4 Ra4 30. Kg2 Kg7 31. Kg3 Kf6 32. Kg4 h6 33. h4 Rd8 34. Kh5 b6 35. Rc3 Rg8 36. Rc1 Rb4 37. Rc3 Rb2 38. Rxa3 Rh2 39. Ra6 Rg5+ 0-1

[Event "SVK-chT1E 2223"]
[Site "Slovakia"]
[Date "2022.11.06"]
[Round "4.6"]
[White "Puskar, Jan"]
[Black "Panko, Radoslav"]
[Result "0-1"]
[WhiteElo "2089"]
[BlackElo "2048"]
[PlyCount "66"]
[EventDate "2022.10.15"]
[EventType "team-tourn"]
[EventRounds "11"]
[EventCountry "SVK"]
[SourceTitle "EXT 2024"]
[Source "ChessBase"]
[SourceDate "2023.10.10"]
[SourceVersion "1"]
[SourceVersionDate "2023.10.10"]
[SourceQuality "1"]
[WhiteTeam "Zvolen Slavia"]
[BlackTeam "Michalovce Zemplin"]
[WhiteTeamCountry "SVK"]
[BlackTeamCountry "SVK"]

1. c4 e5 2. g3 Nc6 3. Bg2 f5 4. Nc3 Nf6 5. e3 Be7 6. Nge2 0-0 7. 0-0 d6 8. d3 Qe8 9. Rb1 f4 10. exf4 Qh5 11. f3 Nd4 12. Nxd4 exd4 13. Ne4 c5 14. Bd2 d5 15. Nxf6+ Rxf6 16. b3 Rh6 17. Kf2 Bf5 18. Be1 Qg6 19. g4 Rxh2 20. Kg1 Rxg2+ 21. Kxg2 Bxd3 22. f5 Bxf1+ 23. Kxf1 Qh6 24. cxd5 Qh1+ 25. Ke2 Qh2+ 26. Bf2 Bh4 27. Qg1 Re8+ 28. Kf1 Qh3+ 29. Qg2 Qxg2+ 30. Kxg2 Re2 31. Rf1 d3 32. Kg1 Bxf2+ 33. Rxf2 d2 0-1

[Event "SVK-chT1E 2122"]
[Site "Slovakia"]
[Date "2022.04.23"]
[Round "8.6"]
[White "Holly, Andrej"]
[Black "Puskar, Jan"]
[Result "1-0"]
[WhiteElo "2199"]
[BlackElo "2068"]
[PlyCount "31"]
[EventDate "2022.01.29"]
[EventType "team-tourn"]
[EventRounds "11"]
[EventCountry "SVK"]
[SourceTitle "EXT 2023"]
[Source "ChessBase"]
[SourceDate "2022.10.05"]
[SourceVersion "1"]
[SourceVersionDate "2022.10.05"]
[SourceQuality "1"]
[WhiteTeam "Liptov Chess School II"]
[BlackTeam "Zvolen Slavia"]
[WhiteTeamCountry "SVK"]
[BlackTeamCountry "SVK"]

1. e4 e6 2. d4 d5 3. Bd3 Nf6 4. e5 Nfd7 5. f4 c5 6. c3 Nc6 7. Nf3 Qb6 8. Bc2 f6 9. 0-0 cxd4 10. cxd4 fxe5 11. fxe5 Nxd4 12. Nxd4 Bc5 13. Be3 Qxb2 14. Qh5+ g6 15. Bxg6+ hxg6 16. Qxg6+ 1-0

[Event "SVK-ch rapid"]
[Site "Topolcany"]
[Date "2020.07.11"]
[Round "8"]
[White "Puskar, Jan"]
[Black "Kucera, Michal"]
[Result "1-0"]
[WhiteElo "2086"]
[BlackElo "1920"]
[PlyCount "61"]
[EventDate "2020.07.11"]
[EventType "swiss (rapid)"]
[EventRounds "9"]
[EventCountry "SVK"]
[SourceTitle "CBM 197 Extra"]
[Source "ChessBase"]
[SourceDate "2020.09.30"]
[SourceVersion "1"]
[SourceVersionDate "2020.09.30"]
[SourceQuality "1"]

1. Nf3 d5 2. c4 e6 3. d4 Nf6 4. cxd5 exd5 5. Bg5 c6 6. e3 Be7 7. Nc3 h6 8. Bh4 Be6 9. Bd3 Nbd7 10. 0-0 b6 11. Rc1 c5 12. Bb1 Nf8 13. Ne5 g5 14. Bg3 N8d7 15. Nc6 Qc8 16. Nxe7 Kxe7 17. f4 Bg4 18. Qb3 Qc6 19. fxg5 hxg5 20. Rf2 Kf8 21. Rcf1 Kg7 22. Be5 Rh6 23. Rxf6 Rxf6 24. Rxf6 Nxf6 25. Nxd5 c4 26. Qc2 Rh8 27. Bxf6+ Kf8 28. Bxh8 Qxd5 29. Qe4 Qd7 30. Bf6 Be6 31. Qh7 1-0

[Event "SVK-ch rapid"]
[Site "Topolcany"]
[Date "2020.07.11"]
[Round "4"]
[White "Puskar, Jan"]
[Black "Pirvulescu, Adrian"]
[Result "1/2-1/2"]
[WhiteElo "2086"]
[BlackElo "1872"]
[PlyCount "143"]
[EventDate "2020.07.11"]
[EventType "swiss (rapid)"]
[EventRounds "9"]
[EventCountry "SVK"]
[SourceTitle "CBM 197 Extra"]
[Source "ChessBase"]
[SourceDate "2020.09.30"]
[SourceVersion "1"]
[SourceVersionDate "2020.09.30"]
[SourceQuality "1"]

1. e4 c5 2. Nf3 g6 3. c4 Nc6 4. d4 cxd4 5. Nxd4 Nf6 6. Nc3 d6 7. Be2 Nxd4 8. Qxd4 Bg7 9. Be3 0-0 10. Qd2 Qa5 11. 0-0 Be6 12. Rac1 Rfc8 13. b3 a6 14. f3 b5 15. cxb5 axb5 16. Nxb5 Qxd2 17. Bxd2 Rxc1 18. Bxc1 Rxa2 19. Nd4 Bxb3 20. Bb5 Ba4 21. Bc4 Ra1 22. Nb3 Bxb3 23. Bxb3 Nd7 24. Be3 Ra3 25. Rb1 Nc5 26. Bxc5 dxc5 27. Bc4 Bd4+ 28. Kh1 Ra1 29. Rxa1 Bxa1 30. Kg1 Kg7 31. Kf2 f5 32. Ke3 Kf6 33. exf5 gxf5 34. f4 Bd4+ 35. Kf3 e5 36. fxe5+ Kxe5 37. g4 fxg4+ 38. Kxg4 Be3 39. Bd3 h6 40. h4 Kd4 41. Bb1 c4 42. h5 Kc3 43. Kf3 Kd2 44. Kg2 c3 45. Kf1 c2 46. Bxc2 Kxc2 47. Ke2 Bd2 48. Kf3 Kd3 49. Kf2 Ke4 50. Kg2 Kf4 51. Kf2 Be3+ 52. Kg2 Kg4 53. Kh2 Bf2 54. Kg2 Bg3 55. Kh1 Bf2 56. Kg2 Bd4 57. Kh1 Kf3 58. Kh2 Kf2 59. Kh1 Kf1 60. Kh2 Bg1+ 61. Kh1 Bb6 62. Kh2 Ke2 63. Kg2 Ke3 64. Kh2 Kf4 65. Kg2 Kg4 66. Kh2 Bf2 67. Kg2 Bg3 68. Kh1 Kh3 69. Kg1 Kh4 70. Kg2 Bf4 71. Kg1 Kxh5 72. Kg2 1/2-1/2

[Event "SVK-chT2C 1920"]
[Site "Slovakia"]
[Date "2020.03.07"]
[Round "10.4"]
[White "Puskar, Jan"]
[Black "Koren, Jan"]
[Result "1-0"]
[WhiteElo "2046"]
[BlackElo "2099"]
[PlyCount "61"]
[EventDate "2019.10.26"]
[EventType "team-tourn"]
[EventRounds "11"]
[EventCountry "SVK"]
[SourceTitle "CBM 195 Extra"]
[Source "ChessBase"]
[SourceDate "2020.05.31"]
[SourceVersion "1"]
[SourceVersionDate "2020.05.31"]
[SourceQuality "1"]
[WhiteTeam "Banska Bystrica Veza"]
[BlackTeam "Zilina Mladost II"]
[WhiteTeamCountry "SVK"]
[BlackTeamCountry "SVK"]

1. c4 Nf6 2. Nc3 g6 3. g3 Bg7 4. Bg2 0-0 5. e4 d6 6. Nge2 c5 7. 0-0 Nc6 8. d3 Rb8 9. f4 e5 10. Kh1 Bg4 11. h3 Bd7 12. Be3 a6 13. Qd2 b5 14. b3 Nd4 15. fxe5 Nxe2 16. Nxe2 Nh5 17. Bg5 Qc8 18. g4 Bxe5 19. gxh5 Bxa1 20. Rxa1 Bxh3 21. Nf4 Bxg2+ 22. Qxg2 f6 23. Nd5 Qe6 24. Bh6 Rf7 25. Rf1 Kh8 26. hxg6 hxg6 27. Nf4 Qd7 28. Nxg6+ Kh7 29. Qh2 Qg4 30. Bg5+ Kg7 31. Qh6+ 1-0

[Event "SVK-chT2C 1920"]
[Site "Slovakia"]
[Date "2020.02.16"]
[Round "9.5"]
[White "Sulko, Jan"]
[Black "Puskar, Jan"]
[Result "0-1"]
[WhiteElo "2013"]
[BlackElo "2046"]
[PlyCount "92"]
[EventDate "2019.10.26"]
[EventType "team-tourn"]
[EventRounds "11"]
[EventCountry "SVK"]
[SourceTitle "CBM 195 Extra"]
[Source "ChessBase"]
[SourceDate "2020.05.31"]
[SourceVersion "1"]
[SourceVersionDate "2020.05.31"]
[SourceQuality "1"]
[WhiteTeam "Zvolen Slavia"]
[BlackTeam "Banska Bystrica Veza"]
[WhiteTeamCountry "SVK"]
[BlackTeamCountry "SVK"]

1. d4 Nf6 2. c4 g6 3. Nc3 d5 4. cxd5 Nxd5 5. e4 Nxc3 6. bxc3 Bg7 7. Bc4 c5 8. Be3 Nc6 9. Ne2 0-0 10. 0-0 Qc7 11. dxc5 Ne5 12. Qb3 Nxc4 13. Qxc4 Be6 14. Qa4 Bd7 15. Qb4 a5 16. Qb6 Qxb6 17. cxb6 Bb5 18. Rfe1 Rfc8 19. Rac1 Rc4 20. Bd4 e5 21. Be3 Rxe4 22. Rcd1 Ra4 23. Rd5 Bc6 24. Rd2 h5 25. Red1 Kh7 26. Nc1 Rc4 27. Ne2 Rg4 28. g3 Ra4 29. Kf1 Rc8 30. Rc1 Rc4 31. Ke1 Bf8 32. f4 Ba3 33. Rb1 Bc5 34. Bxc5 Rxc5 35. Rb3 Kg7 36. Kf2 exf4 37. gxf4 Rf5 38. Kg3 Re8 39. Nd4 Rc5 40. Nxc6 Rxc6 41. Kf3 Ree6 42. Ra3 Rc5 43. Rb2 Rf6 44. Ke3 Rcf5 45. Ra4 Rc6 46. h3 Rxc3+ 0-1

[Event "SVK-chT2C 1920"]
[Site "Slovakia"]
[Date "2020.02.15"]
[Round "8.5"]
[White "Puskar, Jan"]
[Black "Pasztor, Ladislav"]
[Result "1/2-1/2"]
[WhiteElo "2046"]
[BlackElo "1811"]
[PlyCount "100"]
[EventDate "2019.10.26"]
[EventType "team-tourn"]
[EventRounds "11"]
[EventCountry "SVK"]
[SourceTitle "CBM 195 Extra"]
[Source "ChessBase"]
[SourceDate "2020.05.31"]
[SourceVersion "1"]
[SourceVersionDate "2020.05.31"]
[SourceQuality "1"]
[WhiteTeam "Banska Bystrica Veza"]
[BlackTeam "Vinica"]
[WhiteTeamCountry "SVK"]
[BlackTeamCountry "SVK"]

1. e4 c5 2. Nf3 d6 3. d4 cxd4 4. Qxd4 Nc6 5. Bb5 Bd7 6. Bxc6 Bxc6 7. Nc3 e6 8. Bg5 f6 9. Be3 Ne7 10. 0-0-0 Ng6 11. Qc4 Qd7 12. Nd4 d5 13. exd5 exd5 14. Qb3 Be7 15. Ndb5 a6 16. Na7 0-0 17. Nxd5 Bxd5 18. Rxd5 Qe6 19. Qxb7 Rab8 20. Qd7 Qe4 21. Nc6 Rbc8 22. Nxe7+ Nxe7 23. Rc5 Rfd8 24. Rxc8 Rxc8 25. c3 Kf7 26. Re1 Qxg2 27. Bd4 Re8 28. Qe6+ Kf8 29. h4 Qd5 30. Qxd5 Nxd5 31. Rxe8+ Kxe8 32. Kd2 Ke7 33. Ke2 h5 34. Kf3 Ke6 35. b4 Ne7 36. a4 Nf5 37. Ke4 Nxh4 38. a5 Nf5 39. f4 g5 40. fxg5 fxg5 41. Be5 Nd6+ 42. Bxd6 Kxd6 43. c4 Kc6 44. Kf5 g4 45. Kf4 Kb7 46. Kg3 Kc6 47. Kh4 Kb7 48. b5 axb5 49. cxb5 Ka7 50. b6+ Kb7 1/2-1/2

[Event "SVK-chT2C 1920"]
[Site "Slovakia"]
[Date "2019.11.17"]
[Round "4.4"]
[White "Debnar, Jan"]
[Black "Puskar, Jan"]
[Result "0-1"]
[WhiteElo "1947"]
[BlackElo "2046"]
[PlyCount "68"]
[EventDate "2019.10.26"]
[EventType "team-tourn"]
[EventRounds "11"]
[EventCountry "SVK"]
[SourceTitle "CBM 193 Extra"]
[Source "ChessBase"]
[SourceDate "2020.01.31"]
[SourceVersion "1"]
[SourceVersionDate "2020.01.31"]
[SourceQuality "1"]
[WhiteTeam "Detva"]
[BlackTeam "Banska Bystrica Veza"]
[WhiteTeamCountry "SVK"]
[BlackTeamCountry "SVK"]

1. e4 c5 2. Nf3 e6 3. d4 cxd4 4. Nxd4 a6 5. c4 Nf6 6. Nc3 Qc7 7. a3 b6 8. Be3 Bb7 9. f3 d6 10. Rc1 Be7 11. Bd3 Nbd7 12. 0-0 0-0 13. Na4 Nc5 14. b4 Nxd3 15. Qxd3 Nd7 16. Nb3 Bc6 17. Nb2 Rfd8 18. Rfd1 Bb7 19. Qe2 a5 20. bxa5 bxa5 21. Nd4 a4 22. Nb5 Qb8 23. Qc2 Nc5 24. Bxc5 dxc5 25. Nxa4 Qf4 26. Qb3 Bg5 27. Rb1 h5 28. g3 Qe3+ 29. Qxe3 Bxe3+ 30. Kg2 Rxd1 31. Rxd1 Rxa4 32. Rd8+ Kh7 33. Nd6 Ba6 34. Nxf7 Bxc4 0-1

[Event "SVK-chT2C 1920"]
[Site "Slovakia"]
[Date "2019.10.26"]
[Round "1.4"]
[White "Murin, Pavol"]
[Black "Puskar, Jan"]
[Result "0-1"]
[WhiteElo "1988"]
[BlackElo "2046"]
[PlyCount "72"]
[EventDate "2019.10.26"]
[EventType "team-tourn"]
[EventRounds "11"]
[EventCountry "SVK"]
[SourceTitle "CBM 193 Extra"]
[Source "ChessBase"]
[SourceDate "2020.01.31"]
[SourceVersion "1"]
[SourceVersionDate "2020.01.31"]
[SourceQuality "1"]
[WhiteTeam "Bziny"]
[BlackTeam "Banska Bystrica Veza"]
[WhiteTeamCountry "SVK"]
[BlackTeamCountry "SVK"]

1. d4 d5 2. c4 c6 3. Nf3 Nf6 4. Nc3 e6 5. e3 Nbd7 6. Qc2 Bd6 7. g4 Nxg4 8. Rg1 Qf6 9. Rxg4 Qxf3 10. Rxg7 Nf6 11. Rg2 dxc4 12. Qe2 Qxe2+ 13. Bxe2 b5 14. Bf3 Nd5 15. e4 Nxc3 16. bxc3 Bb7 17. e5 Be7 18. a4 a6 19. axb5 axb5 20. Rxa8+ Bxa8 21. Bg5 Rg8 22. Bxe7 Rxg2 23. Bxg2 Kxe7 24. Kd2 Bb7 25. Kc2 f5 26. f4 Kd7 27. h4 Kc7 28. Bf1 c5 29. dxc5 Be4+ 30. Kb2 Kc6 31. Be2 Kxc5 32. Bh5 b4 33. cxb4+ Kxb4 34. Bf7 c3+ 35. Kc1 Bd5 36. Bh5 Kc5 0-1

[Event "SVK-chT2C 1819"]
[Site "Slovakia"]
[Date "2019.03.03"]
[Round "9.5"]
[White "Staffen, Richard"]
[Black "Puskar, Jan"]
[Result "1/2-1/2"]
[WhiteElo "2023"]
[BlackElo "1978"]
[PlyCount "97"]
[EventDate "2018.10.13"]
[EventType "team-tourn"]
[EventRounds "11"]
[EventCountry "SVK"]
[SourceTitle "CBM 189 Extra"]
[Source "ChessBase"]
[SourceDate "2019.05.31"]
[SourceVersion "1"]
[SourceVersionDate "2019.05.31"]
[SourceQuality "1"]
[WhiteTeam "Zilina Mladost II"]
[BlackTeam "Banska Bystrica Veza"]
[WhiteTeamCountry "SVK"]
[BlackTeamCountry "SVK"]

1. d4 d5 2. Bf4 Nf6 3. e3 e6 4. Nf3 c5 5. c3 Nc6 6. Nbd2 Bd6 7. Bg3 0-0 8. Bd3 Re8 9. Ne5 Qe7 10. f4 Nd7 11. Qh5 Nf8 12. 0-0 f6 13. Nxc6 bxc6 14. e4 cxd4 15. cxd4 Qf7 16. Qxf7+ Kxf7 17. e5 Bb4 18. Nb3 a5 19. a3 Be7 20. Rfc1 Ba6 21. Bxa6 Rxa6 22. Nc5 Bxc5 23. Rxc5 Nd7 24. Rc2 Rb8 25. exf6 Nxf6 26. f5 Re8 27. fxe6+ Rxe6 28. Rf1 Kg6 29. Rfc1 Ne4 30. Be1 Kf7 31. b4 axb4 32. Bxb4 g5 33. Rf1+ Rf6 34. Rcc1 h6 35. Rxf6+ Nxf6 36. Re1 Ne4 37. Rf1+ Nf6 38. h3 Kg6 39. Rc1 Ne4 40. Rf1 Ng3 41. Re1 Ne4 42. Rf1 h5 43. Kh2 h4 44. Rc1 Ng3 45. Re1 Ne4 46. Rc1 Nf2 47. Rc3 Ne4 48. Rc1 Ng3 49. Re1 1/2-1/2

[Event "Levice op"]
[Site "Levice"]
[Date "2018.08.05"]
[Round "6"]
[White "Puskar, Jan"]
[Black "Grec, Jan Alexander"]
[Result "1/2-1/2"]
[WhiteElo "2058"]
[BlackElo "1676"]
[PlyCount "40"]
[EventDate "2018.08.02"]
[EventType "swiss"]
[EventRounds "7"]
[EventCountry "SVK"]
[SourceTitle "CBM 185 Extra"]
[Source "ChessBase"]
[SourceDate "2018.07.29"]
[SourceVersion "1"]
[SourceVersionDate "2018.07.29"]
[SourceQuality "1"]

1. e4 c5 2. Nf3 e6 3. Nc3 a6 4. d4 cxd4 5. Nxd4 b5 6. Bd3 Qb6 7. Nb3 Qc7 8. 0-0 Bb7 9. Be3 Nf6 10. a3 Be7 11. f4 d6 12. Kh1 Nbd7 13. Qe1 0-0 14. Qg3 Kh8 15. Rae1 Nc5 16. Nxc5 dxc5 17. e5 Nd5 18. Nxd5 Bxd5 19. Qh3 g6 20. c3 Rad8 1/2-1/2

[Event "SVK-chT2C 1718"]
[Site "Slovakia"]
[Date "2018.01.14"]
[Round "6.6"]
[White "Puskar, Jan"]
[Black "Klein, Peter"]
[Result "0-1"]
[WhiteElo "2084"]
[BlackElo "1964"]
[PlyCount "58"]
[EventDate "2017.10.28"]
[EventType "team-tourn"]
[EventRounds "11"]
[EventCountry "SVK"]
[SourceTitle "EXT 2019"]
[Source "ChessBase"]
[SourceDate "2018.10.10"]
[SourceVersion "1"]
[SourceVersionDate "2018.10.10"]
[SourceQuality "1"]
[WhiteTeam "Banska Bystrica Veza"]
[BlackTeam "Filakovo"]
[WhiteTeamCountry "SVK"]
[BlackTeamCountry "SVK"]

1. e4 d5 2. exd5 Nf6 3. d4 Nxd5 4. c4 Nb6 5. Nc3 e5 6. Nf3 Bg4 7. Be3 exd4 8. Qxd4 Qxd4 9. Nxd4 Na6 10. f3 Bh5 11. 0-0-0 0-0-0 12. Bd3 Bc5 13. Nc2 Bg6 14. Bxg6 hxg6 15. b3 Bxe3+ 16. Nxe3 Nc5 17. Kc2 Rxd1 18. Ncxd1 Re8 19. Rf1 Nbd7 20. Rf2 Ne5 21. Rd2 Ne6 22. Nc3 c6 23. Ne4 Kc7 24. Kd1 f5 25. Nf2 Nf4 26. g3 Nxf3 27. gxf4 Rxe3 28. Rd3 Re1+ 29. Kc2 Re2+ 0-1

[Event "SVK-chT2C 1718"]
[Site "Slovakia"]
[Date "2018.01.13"]
[Round "5.7"]
[White "Puskar, Jan"]
[Black "Topolovsky, Vincent"]
[Result "1-0"]
[WhiteElo "2084"]
[BlackElo "1910"]
[PlyCount "137"]
[EventDate "2017.10.28"]
[EventType "team-tourn"]
[EventRounds "11"]
[EventCountry "SVK"]
[SourceTitle "EXT 2019"]
[Source "ChessBase"]
[SourceDate "2018.10.10"]
[SourceVersion "1"]
[SourceVersionDate "2018.10.10"]
[SourceQuality "1"]
[WhiteTeam "Banska Bystrica Veza"]
[BlackTeam "Banska Bystrica Kurta"]
[WhiteTeamCountry "SVK"]
[BlackTeamCountry "SVK"]

1. e4 c5 2. Nf3 d6 3. d4 cxd4 4. Nxd4 Nf6 5. f3 a6 6. c4 g6 7. Nc3 Bg7 8. Be3 0-0 9. Qd2 Nc6 10. Be2 Be6 11. Rc1 Rc8 12. b3 Nd7 13. 0-0 Nxd4 14. Bxd4 Bxd4+ 15. Qxd4 Qb6 16. Qxb6 Nxb6 17. Bd3 Nd7 18. Rfd1 Rfd8 19. Kf2 Kf8 20. Bf1 Nf6 21. Ne2 Bd7 22. Nc3 Bc6 23. Rd2 Rd7 24. Rcd1 e6 25. Bd3 Rcd8 26. Ne2 b6 27. Nd4 Bb7 28. a4 Rc7 29. a5 bxa5 30. Ke3 Nd7 31. Ra1 Rc5 32. Rda2 Rh5 33. h3 e5 34. Ne2 Nc5 35. Bc2 f5 36. exf5 gxf5 37. Rxa5 Rc8 38. Kf2 Ne6 39. Ng3 Rg5 40. Bxf5 Re8 41. Bxe6 Rxe6 42. Nf1 Reg6 43. Ne3 h5 44. h4 Rg3 45. Rg1 Rg8 46. Nf5 R3g6 47. Raa1 Rf6 48. Ng3 Rh6 49. Rae1 Rgg6 50. Nf5 Rh7 51. Rd1 Rd7 52. Rge1 Ke8 53. c5 dxc5 54. Rxe5+ Kd8 55. Rxd7+ Kxd7 56. Rxc5 Rb6 57. Nd4 Rh6 58. Ke3 Rh7 59. Kf4 Rh8 60. Nf5 Rf8 61. g4 hxg4 62. fxg4 Ke6 63. h5 Bd5 64. Ra5 Bb7 65. Re5+ Kd7 66. Re7+ Kc8 67. h6 Bc6 68. h7 Bd5 69. Re8+ 1-0

[Event "SVK-ch rapid"]
[Site "Banska Bystrica"]
[Date "2017.09.22"]
[Round "2"]
[White "Puskar, Jan"]
[Black "Jakab, Stefan"]
[Result "1-0"]
[WhiteElo "2142"]
[BlackElo "1844"]
[PlyCount "38"]
[EventDate "2017.09.22"]
[EventType "swiss (rapid)"]
[EventRounds "9"]
[EventCountry "SVK"]
[SourceTitle "EXT 2018"]
[Source "ChessBase"]
[SourceDate "2017.10.13"]
[SourceVersion "1"]
[SourceVersionDate "2017.10.13"]
[SourceQuality "1"]

1. e4 e5 2. Nf3 Nc6 3. Bb5 Bc5 4. 0-0 Nge7 5. c3 0-0 6. d4 exd4 7. cxd4 Bb6 8. d5 Nb8 9. d6 cxd6 10. Bf4 Ng6 11. Bxd6 Re8 12. Nc3 Bc7 13. Bc4 a6 14. Rc1 Nc6 15. Bxc7 Qxc7 16. Ng5 Nge5 17. Qh5 d5 18. Nxd5 Kf8 19. Ne7 Kxe7 1-0

[Event "Stara Lubovna op"]
[Site "Stara Lubovna"]
[Date "2017.05.08"]
[Round "7"]
[White "Sosovicka, Juraj"]
[Black "Puskar, Jan"]
[Result "0-1"]
[WhiteElo "2142"]
[BlackElo "2016"]
[PlyCount "132"]
[EventDate "2017.05.05"]
[EventType "swiss"]
[EventRounds "7"]
[EventCountry "SVK"]
[SourceTitle "CBM 178 Extra"]
[Source "ChessBase"]
[SourceDate "2017.06.22"]
[SourceVersion "1"]
[SourceVersionDate "2017.06.22"]
[SourceQuality "1"]

1. Nf3 d5 2. c4 c6 3. d4 Nf6 4. e3 Bg4 5. h3 Bh5 6. Nc3 e6 7. g4 Bg6 8. Ne5 Nfd7 9. Nxg6 hxg6 10. b3 a5 11. Bb2 Na6 12. Bd3 Nb4 13. Be2 Qh4 14. a3 Na6 15. Qc2 Nf6 16. e4 dxe4 17. Nxe4 Be7 18. Bf3 0-0 19. 0-0-0 Rab8 20. Kb1 Rfc8 21. Bc1 Nxe4 22. Bxe4 g5 23. f4 gxf4 24. Bxf4 Bxa3 25. Bxb8 Rxb8 26. Qd2 Nb4 27. Qf4 Rf8 28. Rhf1 Qxh3 29. Rf3 Qg2 30. Rf2 Qh3 31. Rf3 Qg2 32. Rf2 Qh3 33. Qf3 Qxf3 34. Rxf3 g6 35. g5 Kg7 36. Rh1 Na6 37. Rfh3 Rg8 38. Rh7+ Kf8 39. c5 e5 40. Rf1 Rg7 41. Rh8+ Rg8 42. Rh7 Rg7 43. Rh8+ Rg8 44. Rh6 Kg7 45. dxe5 Nxc5 46. Bc2 Ne6 47. Rh2 Nxg5 48. Rg2 Ne6 49. Rf6 Be7 50. Rf1 Rh8 51. Rgf2 Rf8 52. Kb2 Bc5 53. Re2 Bd4+ 54. Ka3 Bc5+ 55. Kb2 Bd4+ 56. Ka3 Re8 57. Bd3 Nc5 58. Bc4 Re7 59. b4 axb4+ 60. Kxb4 b5 61. Bxb5 cxb5 62. Rd1 Bxe5 63. Kxb5 Nd7 64. Rd5 f6 65. Kc6 Nf8 66. Rd8 Ne6 0-1

[Event "Stara Lubovna op"]
[Site "Stara Lubovna"]
[Date "2017.05.07"]
[Round "6"]
[White "Puskar, Jan"]
[Black "Balazs, Ladislav"]
[Result "1-0"]
[WhiteElo "2016"]
[BlackElo "2087"]
[PlyCount "119"]
[EventDate "2017.05.05"]
[EventType "swiss"]
[EventRounds "7"]
[EventCountry "SVK"]
[SourceTitle "CBM 178 Extra"]
[Source "ChessBase"]
[SourceDate "2017.06.22"]
[SourceVersion "1"]
[SourceVersionDate "2017.06.22"]
[SourceQuality "1"]

1. d4 Nf6 2. c4 c5 3. Nf3 g6 4. Nc3 cxd4 5. Nxd4 Bg7 6. e4 d6 7. Be2 Nc6 8. Be3 0-0 9. 0-0 Nxd4 10. Bxd4 Bd7 11. Qd2 Bc6 12. f3 Nd7 13. Rfd1 Bxd4+ 14. Qxd4 a5 15. Rab1 Qb6 16. Qxb6 Nxb6 17. b3 Rfc8 18. Rdc1 Nd7 19. Bf1 Rf8 20. Ne2 Nc5 21. Nd4 Kg7 22. Rd1 Na6 23. Rd2 Bd7 24. Rbb2 f5 25. exf5 Bxf5 26. Re2 e5 27. Nb5 Rf6 28. Rbd2 a4 29. Nxd6 axb3 30. axb3 Nc5 31. Rxe5 Nxb3 32. Nxf5+ gxf5 33. Rb2 Nd4 34. Rxb7+ Kh6 35. Ree7 Rg8 36. Rxh7+ Kg6 37. c5 Rc6 38. Bc4 Rd8 39. Rhd7 Rxd7 40. Rxd7 Nc2 41. Rd6+ Rxd6 42. cxd6 Kf6 43. Kf2 Nd4 44. Ke3 Nc6 45. f4 Nb4 46. Bb3 Nc6 47. h3 Kg7 48. Ba4 Nd8 49. Kd4 Kf6 50. g3 Ke6 51. d7 Kd6 52. Ke3 Ke6 53. Kf3 Kf6 54. g4 fxg4+ 55. hxg4 Ke7 56. f5 Nf7 57. Kf4 Nd8 58. Bb3 Kxd7 59. Bd5 Ke7 60. Ke5 1-0

[Event "Stara Lubovna op"]
[Site "Stara Lubovna"]
[Date "2017.05.06"]
[Round "4"]
[White "Puskar, Jan"]
[Black "Koutny, Petr"]
[Result "1/2-1/2"]
[WhiteElo "2016"]
[BlackElo "2175"]
[PlyCount "131"]
[EventDate "2017.05.05"]
[EventType "swiss"]
[EventRounds "7"]
[EventCountry "SVK"]
[SourceTitle "CBM 178 Extra"]
[Source "ChessBase"]
[SourceDate "2017.06.22"]
[SourceVersion "1"]
[SourceVersionDate "2017.06.22"]
[SourceQuality "1"]

1. e4 c5 2. Nf3 e6 3. c3 Nf6 4. e5 Nd5 5. d4 cxd4 6. cxd4 d6 7. Nc3 Nxc3 8. bxc3 Qc7 9. Bd2 Nd7 10. exd6 Bxd6 11. Bd3 Nf6 12. 0-0 b6 13. Qa4+ Bd7 14. Bb5 0-0 15. Bxd7 Qxd7 16. Qxd7 Nxd7 17. Rfe1 Rfc8 18. a4 Rc4 19. Ng5 Nf6 20. Ne4 Nxe4 21. Rxe4 e5 22. g4 g6 23. g5 Rac8 24. Kg2 exd4 25. cxd4 Kf8 26. h4 Re8 27. Rxe8+ Kxe8 28. Be3 Kd7 29. Kf3 Ke6 30. Ke4 Be7 31. h5 gxh5 32. f4 f5+ 33. gxf6 Bxf6 34. f5+ Kd7 35. Kd5 Rc3 36. Bf4 Rf3 37. Ke4 Rc3 38. Be5 Bg5 39. Rf1 Ke7 40. Rb1 Ra3 41. Rb4 Re3+ 42. Kd5 Rf3 43. Rc4 Rxf5 44. Rc7+ Kd8 45. Rxh7 Bf4 46. Ke4 Bxe5 47. Kxf5 Bxd4 48. Ke6 Kc8 49. Kd5 Bf2 50. Kc6 Kd8 51. Rb7 Bg3 52. Rd7+ Ke8 53. Rxa7 h4 54. Ra8+ Kf7 55. Kxb6 Kg7 56. Rd8 Bf2+ 57. Kb5 Kg6 58. a5 Kg5 59. a6 h3 60. Rg8+ Kh4 61. Rh8+ Kg3 62. Kc6 h2 63. Kb7 Kg2 64. a7 Bxa7 65. Kxa7 h1R 66. Rxh1 1/2-1/2

[Event "Stara Lubovna op"]
[Site "Stara Lubovna"]
[Date "2017.05.06"]
[Round "3"]
[White "Slobodnik, Michal"]
[Black "Puskar, Jan"]
[Result "0-1"]
[WhiteElo "2104"]
[BlackElo "2016"]
[PlyCount "100"]
[EventDate "2017.05.05"]
[EventType "swiss"]
[EventRounds "7"]
[EventCountry "SVK"]
[SourceTitle "CBM 178 Extra"]
[Source "ChessBase"]
[SourceDate "2017.06.22"]
[SourceVersion "1"]
[SourceVersionDate "2017.06.22"]
[SourceQuality "1"]

1. d4 d5 2. Bf4 c6 3. c3 Nf6 4. Nd2 Bf5 5. Ngf3 Nbd7 6. h3 h6 7. e3 e6 8. Be2 Be7 9. 0-0 0-0 10. Ne5 Nxe5 11. dxe5 Ne4 12. f3 Nxd2 13. Qxd2 Qb6 14. g4 Bh7 15. Bg3 f6 16. exf6 Rxf6 17. Be5 Rf7 18. b4 Bf6 19. Qd4 Bxe5 20. Qxe5 Qc7 21. Qxc7 Rxc7 22. c4 a6 23. Rac1 Rac8 24. a4 Kf8 25. Rfd1 Ke7 26. f4 Be4 27. Kf2 c5 28. b5 axb5 29. axb5 Ra8 30. Ra1 Rcc8 31. Kg3 g6 32. f5 gxf5 33. Rxa8 Rxa8 34. cxd5 exd5 35. gxf5 Ra2 36. Bf3 Bxf3 37. Kxf3 Kd6 38. Kg4 Ke5 39. Rf1 Rg2+ 40. Kh5 Rg5+ 41. Kxh6 Rxf5 42. Rc1 c4 43. h4 Rf3 44. h5 Rxe3 45. Kg7 Rg3+ 46. Kh7 Rh3 47. h6 Kd4 48. Kg7 Kc5 49. b6 Kxb6 50. h7 Kc5 0-1